000 00309 a2200145 4500
001 180776
020 _a
040 _cMagnum
100 _aSnyder, Robin
240 1 0 _aOs gobots na terra
_lpor
245 1 0 _aOs gobots na terra
362 0 _a1899
697 _aMAGNITO: IJ/AVENTURA, CRIANCAS
942 _cBK
999 _c180776
_d180776